|
|
|
|
| LEADER |
00950cam a2200265 7i4500 |
| 001 |
0000049156 |
| 005 |
20220330090000.0 |
| 020 |
|
|
|a 9789673052875 (pbk.)
|
| 090 |
0 |
0 |
|a HG6024.M4
|b R67 2007
|
| 100 |
0 |
|
|a Rosalan Ali
|
| 245 |
1 |
0 |
|a Introduction to Malaysian derivatives
|c Rosalan Ali, Noryati Ahmad, Ho Soke Fun.
|
| 250 |
|
|
|a Rev. ed.
|
| 260 |
|
|
|a Shah Alam, Selangor:
|b UITM Press,
|c 2007.
|
| 300 |
|
|
|a viii, 306 p.;
|c 23 cm.
|
| 650 |
0 |
0 |
|a Financial futures --
|z Malaysia
|
| 650 |
0 |
0 |
|a Options (Finance) --
|z Malaysia
|
| 650 |
0 |
0 |
|a Derivative securities --
|z Malaysia
|
| 700 |
0 |
|
|a Noryati Ahmad
|
| 700 |
3 |
|
|a Ho, Soke Fun
|
| 997 |
|
|
|a Business & Accountancy, Faculty
|
| 997 |
|
|
|a Selangor Business School
|
| 998 |
|
|
|a Business Administration, Master
|
| 999 |
|
|
|a 0000058090
|b BOK
|c OPEN SHELF
|e 1st Floor, Shah Alam
|
| 999 |
|
|
|a 0000058091
|b BOK
|c OPEN SHELF
|e 1st Floor, Shah Alam
|
| 999 |
|
|
|a 0000058092
|b BOK
|c OPEN SHELF
|e 1st Floor, Shah Alam
|